000 01611nam a22003017a 4500
999 _c120555
_d120555
003 dpl
005 20190413142040.0
008 190413b ||||| |||| 00| 0 eng d
010 _aB-056692
020 _c200.00
_a8170770262
035 _aB-056692, B-056696
037 _bCen Lib/Ret
040 _aDPL
_bHN
_c0
082 _a238.35
_bमुखोपा
100 _aमुखोपाध्याय, देवेन्द्रनाथ
_981981
245 _aदयानन्दचरित :
_cदेवेन्द्रनाथ मुखोपाध्याय ; संपादक भवानीलाल भारतीय ; अनुवादक बाबू घासीराम
_b103 वर्ष पूर्व प्रकाशित बंगला ग्रन्थ का अनुवाद /
246 _aDayanandcharit : 103 varsh poorv prakashit Bangla granth ka anuvad /
_bby Devendranath Mukhopadhyay ; sampadak Bhavanilal Bharteey ;anuvadak Babu Ghasiram
260 _a दिल्ली
_bसंस्कार प्रकाशन
_c2000
270 _a4408, नई सड़क
_bदिल्ली
_e110006
300 _a232पृ.
_c20सेमी(सजिल्द)
650 _aजातियों और प्रश्नोत्तर
_991212
650 _aधर्म
_991213
650 _aCreeds and catechisms
_991214
650 _aCreeds
_991215
700 _aभारतीय, भवानीलाल
_991216
700 _aबाबू घासीराम
_991217
942 _2ddc
_cHN
_h238.35
_mमुखोपा